01243nam a2200265 a 450000100100000000500170001000800410002702000180006804000260008624500840011226000720019630000210026849000910028949000250038050400730040550400330047850000760051170000440058770000350063171000610066683000960072783000320082395201050085599900170096000004326820250909091242.0140303s2011 sp 000 0 spa d a9788483471425 aDO-SdBNPbspiacBNPHU00aEl exilio femenino en México /ccompiladoras Alicia Girón y Eugenia Correa. aMadrid :bAgencia Española de Cooperación Internacional,c2011. a239 p. ;c24 cm.1 aAntología del pensamiento político, social y económico de América latina ;v151 aCiencias y humanismo aIncluye referencias bibliográficas y notas al pie de las páginas aBibliografía : p. 225-239. aIncluye datos biográficos de los editores en al solapa de la cubierta1 aGirón García, Alicia.ecomp.9708841 aCorrea, Eugenia.ecomp.9708792 aAgencia Española de Cooperación Internacional934585 0aAntología del pensamiento político, social y económico de América Latinav15970880 0aCiencias y humanismo970218 001050718MOaGRbGRcCTd2014-03-03iLF1l0o p43268-10r2020-06-25w2020-06-25y1ZNo se presta c42757d42757